К вопросу о составе сплава арматурной бронзы; Вестник Саратовского отделения Императорского Русского Технического Общества; № 2-3; № 4

书目详细资料
Parent link:Вестник Саратовского отделения Императорского Русского Технического Общества.— , 1911
№ 2-3.— 1911.— С. 127-131
№ 4.— С. 196-200
主要作者: Бутаков И. Н. Иннокентий Николаевич
总结:В фонде НТБ ТПУ отсутствует
语言:俄语
出版: 1911
主题:
格式: 本书章节
KOHA link:https://koha.lib.tpu.ru/cgi-bin/koha/opac-detail.pl?biblionumber=593359

MARC

LEADER 00000naa0a2200000 4500
001 593359
005 20250130165039.0
035 |a (RuTPU)RU\TPU\tpu\6564 
090 |a 593359 
100 |a 20011210d1911 k||y0rusy50 ca 
101 0 |a rus 
102 |a RU 
200 1 |a К вопросу о составе сплава арматурной бронзы  |f И. Н. Бутаков 
333 |a В фонде НТБ ТПУ отсутствует 
461 |t Вестник Саратовского отделения Императорского Русского Технического Общества  |d 1911 
463 |t № 2-3  |v С. 127-131  |d 1911  |d 1911 
463 |t № 4  |v С. 196-200 
610 1 |a металловедение 
610 1 |a труды учёных ТПУ 
700 1 |a Бутаков  |b И. Н.  |c ученый-теплотехник  |c профессор Томского политехнического института  |f 1881-1970  |g Иннокентий Николаевич  |3 (RuTPU)RU\TPU\pers\18396 
801 0 |a RU  |b 63413507  |c 20011210  |g PSBO 
801 2 |a RU  |b 63413507  |c 20120215  |g PSBO 
942 |c CR